00762 2200241 4500001002100000005001700021008004100038020002200079035002500101040001200126082001200138084001500150245015700165260002800322300003300350500001100383650002400394700003100418700002600449700001500475850001200490990001800502INLIS00000000000670920150911094755.0  a978-602-7706-68-2 a0010-061500000000830 aYOPDYOG 223a503 aKR 503 Ens aENSIKLOPEDIA percobaan sains jilid 5b: Rumah dan tempat tinggalc/ Penerjemah, Reynaldo Krissancha Azarya dan Ariel Aprianto Suselo; Editor, Maximilian aJakartabAku Bisac2014 a70 hlm.b: ilus.c; 29,5 cm. aIndeks aSains - Ensiklopedi aREYNALDO Krissancha Azarya aARIEL Aprianto Suselo aMAXIMILIAN aYOPDYOG a17977-PD/B.15